|
|
|
|
| LEADER |
00000nab a2200000 a 4500 |
| 001 |
vtls000457334 |
| 003 |
SK-MaSNL |
| 005 |
20260304000646.0 |
| 008 |
230313c1992 xo 0 slo |
| 015 |
|
|
|a SNBRB19rr/mm-uuuuu
|
| 035 |
|
|
|a CL0457465
|
| 035 |
|
|
|a urn:nbn:sk:snk-abbmsl
|
| 035 |
|
|
|a (urnnbn)urn:nbn:sk:snk:ar-0046c6
|
| 035 |
|
|
|a (uuid)b2394f45-ebbd-43b0-81d7-ff5ce963a93c
|
| 040 |
|
|
|a SNKBUCL
|b slo
|c SNKBUCL
|e AACR2
|
| 041 |
0 |
|
|a slo
|
| 044 |
|
|
|a xo
|c SK
|
| 080 |
|
|
|a 820 (73)-4
|2 1981
|
| 100 |
1 |
|
|a Styron, William,
|d 1925-2006
|4 aut
|9 107348
|
| 245 |
1 |
0 |
|a Južanské svedomie
|c William Styron ; Oľga Ruppeldtová
|
| 500 |
|
|
|a V rubrike Esej. Názvy jednotl. esejí: Najstaršia Amerika, Elégia F. Scotta Fitzgeralda, Basa, William Faulkner, James Jones, Odpočívaj v temnotách.
|
| 650 |
0 |
7 |
|a eseje
|2 snkbucl
|9 144629
|
| 655 |
|
7 |
|a články z novín a časopisov
|2 snkbucl
|9 267496
|
| 655 |
|
7 |
|a články z odboru literárna veda a krásna literatúra
|2 snkbucl
|9 770045
|
| 700 |
1 |
|
|a Ruppeldtová-Andrášová, Oľga,
|d 1955-
|4 trl
|9 107393
|
| 773 |
0 |
|
|t Revue svetovej literatúry
|g Roč. 28, č. 2 (1992), s. /93/-107
|
| 850 |
|
|
|a Slovenská národná knižnica v Martine
|a MTA001
|
| 852 |
|
|
|a SNK
|b KIS3GCP
|
| 958 |
|
|
|a RK
|
| 958 |
|
|
|a LX
|
| 958 |
|
|
|a OND
|
| 958 |
|
|
|a EUIPO
|
| 958 |
|
|
|a article15
|
| 999 |
|
|
|c 2532334
|d 2534264
|